000 00576nam a2200229Ia 4500
003 OSt
005 20250409143213.0
008 210719s1978 xx 000 0 und d
020 _a81-222-0079-6
040 _cAL
041 _aeng
082 _a155.3 RAJF
100 _aRAJNEESH (Osho)
_9208138
245 _aFrom sex to superconsciousness.
260 _aNew Delhi
_bOrient Paperbacks
_c1978
300 _a156
_bPB
365 _cRs
650 _aPsychology
_9208139
650 _aPsychology
_9208139
906 _aFrom ; sex ; superconsciousness.
942 _2ddc
_cBK
999 _c216070
_d216070